| 000 | 00668nam a2200241Ia 4500 | ||
|---|---|---|---|
| 005 | 20260121111740.0 | ||
| 008 | 530 260114s9999 xx 000 0 eng d | ||
| 020 | _a9789813233980 | ||
| 037 | _aEBOOK | ||
| 040 |
_aCRL _beng _cCRL |
||
| 041 |
_aeng _2eng |
||
| 084 | _qCRL | ||
| 100 |
_aYu Jianjun Et Al _9946683 |
||
| 245 | 0 | _aDigital Signal Processing for High-Speed Optical Communication | |
| 260 | _bWorld Scientific | ||
| 260 | _bWSPC | ||
| 260 | _c2018 | ||
| 650 |
_aEngineering / Acoustics _9946684 |
||
| 856 | _uhttps://www.worldscientific.com/worldscibooks/10.1142/10818#t=toc | ||
| 942 | _cEBOOK | ||
| 999 |
_c1537830 _d1537830 |
||